| 000 | 00586nam a2200205Ia 4500 | ||
|---|---|---|---|
| 005 | 20250326144459.0 | ||
| 008 | 250326s9999 xx 000 0 und d | ||
| 020 | _a0-8144-0894-X | ||
| 037 | _aTextbook | ||
| 040 |
_aFMSL _beng _cFMSL |
||
| 041 |
_aeng _2eng |
||
| 084 |
_aX:87 P7 _qFMSL |
||
| 100 |
_aWhite B J _9257009 |
||
| 245 | 0 |
_aNature of leadership : reptiles, mammals and the challenge of becoming a great leader _cWhite B J |
|
| 260 |
_aNY _bNY, AMACOM _c2007 |
||
| 300 | _a195p | ||
| 365 | _b1066.1115 | ||
| 942 |
_cTB _hX:87 P7 |
||
| 999 |
_c1303859 _d1303859 |
||